000 00334 a2200157 4500
001 161030
020 _a
040 _cMagnum
100 _aScliar, Moacyr
240 1 0 _aIntroducao a pratica amorosa
_lpor
245 1 0 _aIntroducao a pratica amorosa
362 0 _a1899
440 1 _aScipione
697 _aJ/ROMANCE
942 _cBK
999 _c161030
_d161030